Normal view
MARC view
- Hansen, Alvin H
Entry Personal Name
001 - CONTROL NUMBER
- control field: 36911
003 - CONTROL NUMBER IDENTIFIER
- control field: NUST
005 - DATE AND TIME OF LATEST TRANSACTION
- control field: 20210314130130.0
008 - FIXED-LENGTH DATA ELEMENTS
- fixed length control field: 210314|| aca||aabn | a|a d
040 ## - CATALOGING SOURCE
- Original cataloging agency: NUST
- Transcribing agency: NUST
100 ## - HEADING--PERSONAL NAME
- Personal name: Hansen, Alvin H
670 ## - SOURCE DATA FOUND
- Source citation: Work cat.: (NUST): Hansen, Alvin H., The dollar and the international monetary system, [1965]
